Largest Ethnic Groups By Letter - Statistics

General Stats
  • This quiz has been taken 74 times
  • The average score is 17 of 26
Answer Stats
Letter Size Continent Answer % Correct
J 128,200,000 Asia Japanese
96%
G 100,000,000 Europe Germans
92%
F 76,800,000 Europe French
90%
R 129,000,000 Europe Russians
90%
H 1,315,000,000 Asia Han Chinese
88%
E 58,500,000 Europe English
87%
A 450,000,000 Asia Arabs
83%
D 29,000,000 Europe Dutch
83%
B 230,000,000 Asia Bengalis
79%
S 47,000,000 Europe Spaniards
75%
K 77,200,000 Asia Koreans
73%
N 5,300,000 Europe Norwegians
73%
Q 7,700,000 South America Quechua
73%
V 73,600,000 Asia Vietnamese
73%
X 7,300,000 Africa Xhosa
73%
P 222,000,000 Europe Portuguese
71%
I 80,000,000 Europe Irish
67%
U 58,700,000 Europe Ukrainians
65%
Y 20,000,000 Africa Yoruba
62%
W 16,300,000 Europe Welsh
52%
M 83,000,000 Asia Marathi
38%
T 81,100,000 Asia Telugu
37%
O 37,000,000 Asia Odia
33%
C 15,000,000 Africa Copts
31%
Z 16,200,000 Asia Zhuang
29%
L 7,000,000 Africa Luba
12%
No matching quizzes found
Score Distribution
Percent of People with Each Score
Percentile by Number Answered
Your Score History
You have not taken this quiz